000 00597nam a22001937a 4500
005 20251108164839.0
008 250721s1974 xx 000 0 ara d
082 1 4 _a616.7/محم
100 1 _aرفعت، محمد
245 1 0 _aأمراض العظام و الأسنان و الروماتيزم /
264 1 _aبيروت :
_bدار المعرفة،
_c1974.
300 _a200ص : مص
490 0 _aسلسلة مكتبة البيت الطبية ؛ 12
650 1 7 _aأمراض العظام
650 1 7 _aالأسنان
650 1 7 _aالروماتزم
942 _2ddc
_cBK
999 _c15764
_d15764